|
|
|
|
| LEADER |
00000nam2a2200000 4500 |
| 001 |
121645 |
| 005 |
20231101215707.0 |
| 010 |
|
|
|a 5902758033
|
| 035 |
|
|
|a (RuTPU)RU\TPU\book\131736
|
| 035 |
|
|
|a RU\TPU\book\92597
|
| 090 |
|
|
|a 121645
|
| 100 |
|
|
|a 20070918d2006 k y0rusy50 ca
|
| 101 |
1 |
|
|a rus
|
| 102 |
|
|
|a RU
|
| 105 |
|
|
|a ac z 001zd
|
| 200 |
0 |
|
|a Т. 2 : 1927-1953
|
| 210 |
|
|
|d 2006
|
| 215 |
|
|
|a 513 с.
|c ил.
|
| 320 |
|
|
|a Библиогр. в конце гл.
|
| 461 |
|
1 |
|0 (RuTPU)RU\TPU\book\132333
|y 5-902758-01-7
|t Нобелевская премия. Литература
|v Т. 2 : 1927-1953
|d 2006
|s Нобелевские лекции - 100 лет
|
| 600 |
|
1 |
|a Бергсон
|b А.
|c французский писатель
|c философ
|f 1859-1941
|g Анри
|2 stltpush
|3 (RuTPU)RU\TPU\pers\9648
|9 1920
|
| 600 |
|
1 |
|a Манн
|b Т.
|c немецкий писатель
|f 1875-1955
|g Томас
|2 stltpush
|3 (RuTPU)RU\TPU\pers\7922
|9 1534
|
| 600 |
|
1 |
|a Голсуорси
|b Дж.
|f 1867-1933
|g Джон
|c английский писатель
|2 stltpush
|3 (RuTPU)RU\TPU\pers\12183
|
| 600 |
|
1 |
|a Бунин
|g Иван Алексеевич
|b И. А.
|c русский писатель
|f 1870-1953
|c нобелевский лауреат (1933)
|2 stltpush
|3 (RuTPU)RU\TPU\pers\99
|
| 600 |
|
1 |
|a Гессе
|b Г.
|c немецкий писатель
|c мастер психологического символизма
|f 1877-1962
|g Герман
|2 stltpush
|3 (RuTPU)RU\TPU\pers\12868
|9 3688
|
| 600 |
|
1 |
|a Фолкнер
|b У.
|c американский писатель
|f 1897-1962
|g Уильям
|2 stltpush
|3 (RuTPU)RU\TPU\pers\17704
|9 6584
|
| 600 |
|
1 |
|a Рассел
|g Бертран
|b Б.
|c английский философ
|c логик
|c математик
|c общественный деятель
|f 1872-1970
|2 stltpush
|3 (RuTPU)RU\TPU\pers\1589
|
| 600 |
|
1 |
|a Мориак
|b Ф.
|c французский писатель
|f 1885-1970
|g Франсуа
|2 stltpush
|3 (RuTPU)RU\TPU\pers\6103
|9 1195
|
| 600 |
|
1 |
|a Черчилль
|g Уинстон Леонард Спенсер
|c премьер-министр Великобритании
|f 1874-1965
|b У. Л. С.
|2 stltpush
|3 (RuTPU)RU\TPU\pers\665
|
| 600 |
|
1 |
|a Унсет
|b С.
|c норвежская писательница
|c Нобелевский лауреат
|f 1882-1949
|g Сигрид
|2 stltpush
|3 (RuTPU)RU\TPU\pers\21193
|9 8841
|
| 600 |
|
1 |
|a Льюис
|b С.
|c американский писатель
|c Нобелевский лауреат
|f 1885-1951
|g Синклер
|2 stltpush
|3 (RuTPU)RU\TPU\pers\21194
|9 8842
|
| 600 |
|
1 |
|a Карлфельдт
|b Э. А.
|c шведский поэт
|c Нобелевский лауреат
|f 1864-1931
|g Эрик Аксель
|2 stltpush
|3 (RuTPU)RU\TPU\pers\21195
|9 8843
|
| 600 |
|
1 |
|a Пиранделло
|b Л.
|c итальянский писатель
|c драматург
|f 1867-1936
|g Луиджи
|c Нобелевский лауреат
|2 stltpush
|3 (RuTPU)RU\TPU\pers\21196
|
| 600 |
|
1 |
|a О'Нил (О'Нейл)
|b Ю.
|c американский драматург
|c реформатор американской сцены
|f 1888-1953
|g Юджин
|2 stltpush
|3 (RuTPU)RU\TPU\pers\16157
|9 5719
|
| 600 |
|
1 |
|a Гар
|b Р. М. дю
|c французский писатель
|c Нобелевский лауреат
|f 1881-1958
|g Роже Мартен
|2 stltpush
|3 (RuTPU)RU\TPU\pers\21197
|9 8845
|
| 600 |
|
1 |
|a Бак
|b П.
|c американская писательница
|c Нобелевский лауреат
|f 1892-1973
|g Перл
|2 stltpush
|3 (RuTPU)RU\TPU\pers\21198
|9 8846
|
| 600 |
|
1 |
|a Силланпя
|b Ф. Э.
|c финский писатель
|c Нобелевский лауреат
|f 1888-1964
|g Франс Эмиль
|2 stltpush
|3 (RuTPU)RU\TPU\pers\21199
|9 8847
|
| 600 |
|
1 |
|a Йенсен
|b Й. В.
|c датский писатель
|c Нобелевский лауреат
|f 1873-1950
|g Йоханнес Вильхельм
|2 stltpush
|3 (RuTPU)RU\TPU\pers\21200
|9 8848
|
| 600 |
|
1 |
|a Мистраль
|b Г.
|c настоящее имя Годой Алькаяга
|c чилийская поэтесса
|f 1889-1957
|g Габриэла
|2 stltpush
|3 (RuTPU)RU\TPU\pers\21201
|9 8849
|
| 600 |
|
1 |
|a Жид
|b А.
|c французский писатель
|c Нобелевский лауреат
|f 1869-1951
|g Андре
|2 stltpush
|3 (RuTPU)RU\TPU\pers\21202
|9 8850
|
| 600 |
|
1 |
|a Элиот
|b Т. С.
|c англо-американский поэт
|c Нобелевский лауреат
|f 1885-1965
|g Томас Стернз
|2 stltpush
|3 (RuTPU)RU\TPU\pers\21203
|9 8851
|
| 600 |
|
1 |
|a Лагерквист
|b П. Ф.
|c шведский писатель
|c Нобелевский лауреат
|f 1891-1974
|g Пер Фабиан
|2 stltpush
|3 (RuTPU)RU\TPU\pers\21204
|9 8852
|
| 610 |
1 |
|
|a культура
|
| 610 |
1 |
|
|a литература
|
| 610 |
1 |
|
|a писатели
|
| 610 |
1 |
|
|a премии
|
| 610 |
1 |
|
|a Нобелевская премия
|
| 610 |
1 |
|
|a Нобелевские лауреаты
|
| 610 |
1 |
|
|a Нобелевские лекции
|
| 610 |
1 |
|
|a биографии
|
| 610 |
1 |
|
|a автобиографии
|
| 610 |
1 |
|
|a история
|
| 610 |
1 |
|
|a 20 век
|
| 686 |
|
|
|a Ч216(0)27
|v LBC/SL-A
|2 rubbk
|
| 801 |
|
1 |
|a RU
|b 63413507
|c 20051123
|g PSBO
|
| 801 |
|
2 |
|a RU
|b 63413507
|c 20221207
|g PSBO
|
| 942 |
|
|
|c BK
|